Guía metodológica para la restauración ecológica del bosque altoandino / (Registro nro. 17965)

Detalles MARC
000 -CABECERA
Campo de control 01176nam a2200277 a 4500
005 - FECHA Y HORA DE LA ULTIMA TRANSACCION
Campo de control 20160115054102.0
008 - ELEMENTOS DE LONGITUD FIJA—INFORMACION GENERAL
Campo de control 111111s2007 ck a gr 00010 spa d
015 ## - NATIONAL BIBLIOGRAPHY NUMBER
National bibliography number ck-2007-xxxx
020 ## - ISBN
ISBN 9789587019087
040 ## - FUENTE DE CATALOGACIÓN
Agencia catalogadora original CO-BoBLA
Agencia transcriptora CO-BoBLA
Agencia Modificadora CO-BoIAVH
041 0# - IDIOMA
Código de idioma para texto/pista de sonido o título separado Español
043 ## - GEOGRAPHIC AREA CODE
Geographic area code s-ck---
044 ## - PAÍS DE PUBLICACIÓN
País de publicación Colombia
082 04 - NUMERO DE CLASIFICACION DECIMAL DEWEY
Número de clasificación 333.75153
Número del ítem G94g
245 00 - MENCION DE TITULO
Título Guía metodológica para la restauración ecológica del bosque altoandino /
Mención de responsabilidad editor Orlando Vargas.
260 ## - PUBLICACION, DISTRIBUCION, ETC. (PIE DE IMPRENTA)
Lugar de publicación, distribución, etc. Bogotá :
Nombre del editor, distribuidor, etc. Universidad Nacional de Colombia. Facultad de Ciencias Departamento de Biología :
Fecha de publicación, distribución, etc. 2007.
300 ## - DESCRIPCION FISICA
Extensión 189 p. :
Otros detalles físicos il. ;
Dimensiones 28 cm.
650 14 - ASIENTO SECUNDARIO DE MATERIA - TERMINO TEMATICO
Término temático o nombre geográfico como elemento de entrada Ecología de páramos
Subdivisión geográfica Embalse de Chisacá (Cundinamarca, Colombia)
9 (RLIN) 51202
650 24 - ASIENTO SECUNDARIO DE MATERIA - TERMINO TEMATICO
Término temático o nombre geográfico como elemento de entrada Ecología forestal
Subdivisión geográfica Embalse de Chisacá (Cundinamarca, Colombia)
9 (RLIN) 51203
650 24 - ASIENTO SECUNDARIO DE MATERIA - TERMINO TEMATICO
Término temático o nombre geográfico como elemento de entrada Ecología de embalses
Subdivisión geográfica Embalse de Chisacá (Cundinamarca, Colombia)
9 (RLIN) 51204
650 #4 - ASIENTO SECUNDARIO DE MATERIA - TERMINO TEMATICO
Término temático o nombre geográfico como elemento de entrada Ecosistemas andinos
Subdivisión geográfica Embalse de Chisacá (Cundinamarca, Colombia)
9 (RLIN) 51205
650 #4 - ASIENTO SECUNDARIO DE MATERIA - TERMINO TEMATICO
Término temático o nombre geográfico como elemento de entrada Reforestación
Subdivisión geográfica Embalse de Chisacá (Cundinamarca, Colombia)
9 (RLIN) 51206
700 1# - ASIENTO SECUNDARIO - NOMBRE PERSONAL
Nombre personal Vargas, Orlando,
Término de relación editor.
9 (RLIN) 3113
942 ## - ELEMENTOS ADICIONALES (KOHA)
Sistema de clasificación Dewey Decimal Classification
Tipo de ítem Libro
949 ## - LOCAL PROCESSING INFORMATION (OCLC)
a c
b c
Existencias
Withdrawn status Lost status Sistema de Clasificación Damaged status No para préstamo Inventariado Ubicación Permanente Ubicación actual Fecha de adquisición Fuente de Valor Valor Total Checkouts Número topográfico Inventario / Código de Barras Date last seen Ejemplar Price effective from Tipo de material
    Dewey Decimal Classification     Inventariado 2017 Bogotá Bogotá 15/01/2016 Instituto 39000.00   LB-333.75153 G94g 042171 15/01/2016 Ej. 1 15/01/2016 Libro